Normal view
MARC view
- Niazi, Shahmir
Entry Personal Name
001 - CONTROL NUMBER
- control field: 130635
003 - CONTROL NUMBER IDENTIFIER
- control field: NUST
005 - DATE AND TIME OF LATEST TRANSACTION
- control field: 20250923134015.0
008 - FIXED-LENGTH DATA ELEMENTS
- fixed length control field: 250923|| aca||aabn | a|a d
040 ## - CATALOGING SOURCE
- Original cataloging agency: NUST
- Transcribing agency: NUST
100 ## - HEADING--PERSONAL NAME
- Personal name: Niazi, Shahmir
670 ## - SOURCE DATA FOUND
- Source citation: Work cat.: (NUST): Niazi, Shahmir, Media’s Role in Fostering Democratic Governance in Post-Colonial States: A Comparative Study of Pakistan and India/
